| 000 | 00674nam a22001817a 4500 | ||
|---|---|---|---|
| 003 | UA-OsUOA | ||
| 001 | 15877 | ||
| 007 | ta | ||
| 008 | 20031210b un ||||| |||| 00| 0 ukr d | ||
| 100 | _aКалитюк М. | ||
| 942 | _cSA | ||
| 040 |
_aUA-OsUOA _cUA-OsUOA _dUA-OsUOA |
||
| 245 |
_aНа рівень нових вимог _b[Про досягнення Державної податкової інспекції у м.Рівне розповідає її начальник М.М. Калитюк] |
||
| 300 | _aС.3 | ||
| 955 | _a0 | ||
| 773 | 0 |
_w0 _tВісті Рівненщини _dРівне _d2003 _g№90/29 жовт./ |
|
| 650 | 7 |
_aКраєзнавча робота _2UDC |
|
| 999 |
_c302042 _d302042 |
||